000 01658namaa2200397 i 4500
003 EG-GICUC
005 20260209142110.0
008 260209s2009 sy |||jr|||| 000 0 ara d
040 _aEG-GiCUC
_bara
_cEG-GiCUC
_dEG-GiCUC
_erda
082 0 4 _221
_a320.56
_bM5332
092 0 4 _221
_a320.56
_bM5332
099 _a320.56 M5332
100 1 _aممى، البير
_eمؤلف.
245 1 2 _aالعنصرية ضد السود /
_cألبير ممى، إبراهيم محمود ...[وآخ.] ؛ ترجمة محمد الشيبانى، عادل الحاج سالم، أحمد يمانى.
250 _aالطبعة الاولى
264 _aدمشق (سوريا) :
_bدار بترا للنشر والتوزيع،
_c2009.
300 _a208 صفحة ؛
_c17 سم
336 _2rdacontent
_atext
337 _2rdamedia
_aUnmediated
338 _2rdacarrier
_avolume
490 _aكراسات الالوان ؛
_v11
500 _aفى راس العنوان : الجدران اللامرئية
504 _aيشتمل على ارجاعات ببليوجرافية.
541 _aد. جابر عصفور ؛
_bالقاهرة ؛
_cإهداء ؛
_d2024.
650 1 7 _aالتفرقة العنصرية
_2qrmak
650 1 7 _aالزنوج
_xالاحوال الاجتماعية
_2qrmak
650 1 7 _aالتعصب
_2qrmak
651 1 _2qrmak
700 1 _aالشيبانى، محمد
_eمترجم.
700 1 _aمحمود، ابراهيم
_eمؤلف مشارك.
700 1 _aحسن، مها
_eمؤلف مشارك.
700 1 _aيمانى، احمد
_eمترجم.
700 1 _aسالم، عادل الحاج
_eمترجم.
905 _aAya
942 _2ddc
_cBK
_e21
_n0
999 _c178310
_d178310